Amy Poehler Filmography - Statistics

General Stats
  • This quiz has been taken 104 times
    19 since last reset
  • The average score is 23 of 165
Answer Stats
Type Year Name % Correct
TV Show 2009-2015, 2020 Parks and Recreation
86%
Film 2004 Mean Girls
79%
TV Show 2001-2008, 2010, 2015, 2020, 2023 Saturday Night Live
79%
Film 2015 Inside Out
64%
Film 2024 Inside Out 2
64%
Film 2015 Sisters
64%
TV Show 2005, 2014 The Simpsons
57%
TV Show 2012 30 Rock
50%
Film 2008 Baby Mama
50%
Film 2007 Blades of Glory
50%
Film 2007 Shrek the Third
50%
Film 2014 They Came Together
43%
Award Show 2013 70th Golden Globe Awards
36%
Award Show 2014 71st Golden Globe Awards
36%
Award Show 2015 72nd Golden Globe Awards
36%
Writer 2016 73rd Golden Globe Awards
36%
TV Show 2004-2005 Arrested Development
36%
Film 2021 Moxie
36%
Film 2017 The House
36%
Film 2001 Wet Hot American Summer
36%
Film 2013 Anchorman 2: The Legend Continues
29%
TV Show 2014 Broad City
29%
TV Show 2020-2022 Duncanville
29%
Film 2004 Envy
29%
Film 2013 Free Birds
29%
Film 2008 Horton Hears a Who!
29%
Film 2009 Monsters vs. Aliens
29%
Writer 2019-2022 Russian Doll
29%
TV Show 2005 SpongeBob SquarePants
29%
Film 2019 Wine Country
29%
Film 2013 A.C.O.D.
21%
Film 2013 Are You Here
21%
Film 2015 A Very Murray Christmas
21%
Podcast 2025 Good Hang with Amy Poehler
21%
TV Show 2012 Louie
21%
Documentary 2010 Saturday Night
21%
TV Special 2025 SNL50: The Anniversary Special
21%
Film 2009 Spring Breakdown
21%
Film 2006 Tenacious D in The Pick of Destiny
21%
TV Show 2008-2011 The Mighty B!
21%
Film 2010 The Secret World of Arrietty
21%
Film 2004 Wake Up, Ron Burgundy: The Lost Movie
21%
Film 2011 Alvin and the Chipmunks: Chipwrecked
14%
Film 2009 Alvin and the Chipmunks: The Squeakquel
14%
TV Show 1997 Apartment 2F
14%
TV Show 2012 Comedy Bang! Bang!
14%
TV Special 2013 Comedy Central Roast of James Franco
14%
TV Special 2016 Comedy Central Roast of Rob Lowe
14%
Film 1999 Deuce Bigalow: Male Gigolo
14%
TV Show 2017 Difficult People
14%
Web Mini-Series 2024 Dream Productions
14%
TV Special 1996 Escape from It's a Wonderful Life
14%
Short Film 2011 Fight for Your Right Revisited
14%
Film 2023 First Time Female Director
14%
Film 2010 Freak Dance
14%
Film 2007 Girl Missing
14%
Film 2008 Hamlet 2
14%
Film 2011 Hoodwinked Too! Hood vs. Evil
14%
TV Show 2014-2015 Kroll Show
14%
TV Show 2001 Late Friday
14%
TV Show 1997-1998 Late Night with Conan O'Brien
14%
Film 2006 Man of the Year
14%
Film 2002 Martin & Orloff
14%
Film 2007 Mr. Woodcock
14%
TV Show 2012 Napoleon Dynamite
14%
TV Show 2006 O'Grady
14%
Film 2007 On Broadway
14%
Short Film 2015 Riley's First Date?
14%
Film 1998 Saving Manhattan
14%
TV Show 2010 Sesame Street
14%
Film 2007 Shortcut to Happiness
14%
Film 2006 Southland Tales
14%
TV Show 1998 Spin City
14%
Film 2006 The Ex
14%
Short Film 2009 The Mystery of Claywoman
14%
Film 1998 Tomorrow Night
14%
TV Show 2001-2002 Undeclared
14%
TV Show 1998-2000 Upright Citizens Brigade
14%
Film 2007 Wild Girls Gone
14%
TV Show 2006 Wonder Showzen
14%
Short Film 2000 Zoe Loses It
14%
Award Show 2021 2021 Golden Globe Awards
7%
TV Show 2012 Amy Poehler's Smart Girls at the Party
7%
TV Special 2020 A Parks and Recreation Special
7%
TV Special 2005 A.S.S.S.S.C.A.T.: Improv
7%
Web Series 2022-2023 Baking It
7%
Web Series 2022 Chicago Party Aunt
7%
Director 2016 Dumb Prince
7%
Director 2022 Lucy and Desi
7%
TV Show 2018-2021 Making It
7%
TV Show 2016 Maya & Marty
7%
Film TBA Nicktoons
7%
TV Special 2022 Norman Lear: 100 Years of Music & Laughter
7%
Writer 2014 Old Soul
7%
TV Special 2015 Saturday Night Live: 40th Anniversary Special
7%
TV Special 2003 Saturday Night Live Weekend Update Halftime Special
7%
TV Show 2008-2009 Saturday Night Live Weekend Update Thursday
7%
Podcast 2023 Say More with Dr? Sheila
7%
TV Show 2017 SMILF
7%
TV Pilot 2004 Soundtracks Live
7%
Web Series 2014-2015 The Awesomes
7%
TV Show 2013 The Greatest Event in Television History
7%
TV Show 2016-2017 The UCB Show
7%
TV Special 2008 Upright Citizens Brigade: Asssscat
7%
TV Show 2014-2015 Welcome to Sweden
7%
Web Series 2015 Wet Hot American Summer: First Day of Camp
7%
Web Series 2017 Wet Hot American Summer: Ten Years Later
7%
Documentary Series 2004 60 Minutes
0%
Web Series 2013, 2016 Above Average Presents
0%
Web Series 2011 Always Open
0%
Documentary Series 2016 America Divided
0%
Commercial 2013 Best Buy
0%
TV Special 2013 Betty White's 2nd Annual 90th Birthday
0%
TV Special 2012 Betty White's 90th Birthday: A Tribute to America's Golden Girl
0%
Documentary Series 2002 Biography
0%
TV Special 2023 Carol Burnett: 90 Years of Laughter + Love
0%
TV Special 2013 Carol Burnett: The Kennedy Center Mark Twain Prize for American Humor
0%
TV Show 2004 Celebrity Poker Showdown
0%
TV Special 2014 Don Rickles: One Night Only
0%
Music Video 2007 For the Ladies
0%
Web Series 2023 Gentle Art of Swedish Death Cleaning
0%
TV Show 2014 Half Sisters
0%
TV Special 2020 Happy Holidays from Making It
0%
TV Show 2024 Have You Been Paying Attention?
0%
TV Show 2013 Hollywood Game Night
0%
TV Film 2017 Household People
0%
Short Film 2011 How Will Ferrell Touched Me
0%
Documentary 2015 Hurricane of Fun: The Making of Wet Hot
0%
Short Film 2015 Inside Out: Mind Candy
0%
TV Show 2019 Jeopardy!
0%
Film 2020 Little Audrey
0%
Documentary 2015 Live from New York!
0%
Documentary 2018 Love, Gilda
0%
TV Special 2006, 2008, 2012 Night of Too Many Stars
0%
Documentary 2016 Norman Lear: Just Another Version of You
0%
TV Pilot 2001 North Hollywood
0%
Commercial 2013-2014 Old Navy
0%
TV Special 2020 One World: Together at Home
0%
Video 2014 Parks and Recreation in Europe
0%
Short Film 2010 Parks and Recreation Is the Wu-Tang of Comedy
0%
TV Show 2011 Parks and Recreation: Road Trip
0%
Web Series 2020 Peacock Presents: The At-Home Variety Show Featuring Seth MacFarlane
0%
TV Special 2013 Power of Love: Quincy Jones & Sir Michael Caine's 80th Birthday Celebration
0%
Commercial 2020 Pure Leaf Tea
0%
TV Show 2012 Reggie Makes Music
0%
TV Special 2011 Saturday Night Live Backstage
0%
TV Documentary 2010 Saturday Night Live in the 2000s: Time and Again
0%
TV Special 2006 Saturday Night Live: The Best of Saturday TV Funhouse
0%
TV Show 2000 ShortCuts
0%
TV Pilot 2003 Sick in the Head
0%
Short Film 2015 Sisters: The Farce Awakens
0%
Web Special 2017 Stand for Rights
0%
TV Show 2014 The Approval Matrix
0%
Web Series 2011 The Back Room
0%
TV Special 2017 The Carol Burnett 50th Anniversary Special
0%
TV Show 2001 The Challenge
0%
TV Show 2015 The Chris Gethard Show
0%
TV Show 2013 The Chris Gethard Show: Public Access
0%
TV Special 2005 The Mark Twain Prize: Lorne Michaels
0%
TV Special 2017 The Paley Center Salutes NBC's 90th Anniversary
0%
TV Special 2010 Tina Fey: The Mark Twain Prize
0%
TV Show 2019 Tweenies
0%
Web Series 2012-2017 UCB Comedy Originals
0%
TV Show 2005 Weekends at the DL
0%
Commercial 2014-2020 XFINITY
0%
No matching quizzes found
Score Distribution
Percent of People with Each Score
Percentile by Number Answered
Your Score History
You have not taken this quiz since the last reset